000 00414nam a2200181Ia 4500
005 20240823012643.0
008 240823s9999||||xx |||||||||||||| ||und||
041 _aENGLISH
082 _A813.54
100 _a"Hardy,Thomas"
245 4 _aThe Return of the Native
250 _a1st
260 _c1985
_b"Harper & Row,New York"
500 _aYES
650 _aNovel
_bEnglish
942 _cBK
999 _c165016
_d165016